|
|
|
|
| LEADER |
01170nam a2200289 a 4500 |
| 001 |
1854020 |
| 008 |
091103s1996 dcua b 000 0 eng d |
| 010 |
|
|
|a 96029031
|
| 020 |
|
|
|a 0821337106
|
| 040 |
|
|
|a DLC
|c DLC
|d DLC
|d NNC
|
| 082 |
0 |
0 |
|a 338.4/7004/0954
|2 21
|
| 100 |
1 |
|
|a Musgrove, Philip.
|
| 245 |
1 |
0 |
|a Public and private roles in health :
|b theory and financing patterns /
|c Philip Musgrove.
|
| 260 |
|
|
|a Washington, DC :
|b World Bank,
|c 1996.
|
| 300 |
|
|
|a ix, 79 p. :
|b ill. ;
|c 28 cm.
|
| 490 |
1 |
|
|a World Bank discussion papers ;
|v 339
|
| 504 |
|
|
|a Includes bibliographical references.
|
| 541 |
1 |
|
|e 00007149
|
| 650 |
|
0 |
|a Computer industry
|x Technological innovations
|z India.
|
| 650 |
|
0 |
|a Technology transfer
|z India.
|
| 650 |
|
0 |
|a Industrial policy
|z India.
|
| 650 |
|
0 |
|a Competition
|z India.
|
| 650 |
|
0 |
|a Competition, International.
|
| 830 |
|
0 |
|a World Bank discussion papers ;
|v 339.
|
| 852 |
4 |
|
|a Ayesha Abed Library
|j General shelf
|
| 999 |
|
|
|c 5097
|d 5097
|
| 952 |
|
|
|0 0
|1 0
|2 ddc
|4 0
|6 338_470040954000000_MUS_1996
|7 0
|9 4950
|a BRACUL
|b BRACUL
|c GEN
|d 2009-11-04
|g 0.00
|l 0
|o 338.470040954 MUS
|p 3010007149
|r 2009-11-04
|t 1
|w 2009-11-04
|y BK
|x No price found in the accession register.
|